000 00295nam a22001337a 4500
008 181101b xxu||||| |||| 00| 0 eng d
020 _a9780070537071
041 _aeng
080 _27th
_a540
100 _a12
101 _aKIM
245 _aCollege Chemistry
_cRosenerg,J.L
942 _2udc
_cBK
999 _c51486
_d51486